21 najbardziej wartościowych firm świata - Statystyki

Ogólne statystyki
  • Ten quiz został rozwiązany 125 razy
  • Średni wynik to 6 z 21
Statystyki odpowiedzi
Hint Odpowiedź % Poprawnych
2,36 bln$ apple
83%
1,84 bln$ microsoft
71%
952 mld$ amazon
66%
3 bln$ samsung
64%
1,26 mld$ google
60%
572 mld$ tesla
59%
295 mld$ meta
37%
271 mld$ coca-cola
35%
130 mld$ - 30 bln$ xiaomi
33%
165 mld$ nike
32%
253 mld$ pepsi
32%
415 mld$ walmart
19%
180 mld$ disney
11%
134 mld$ ibm
8%
400 mld$ nvidia
6%
121 mld$ amd
4%
124 mld$ louis vitton
2%
129 mld$ sap
2%
155 mld$ adobe
1%
198 mld$ cisco
1%
201 mld$ mcDolands
0%
Nie znaleziono quizów pasujących do podanych kryteriów
Rozkład punktacji
Procent ludzi z każdym wynikiem
Percentyl według liczby udzielonych odpowiedzi
Twoja historia wyników
Nie rozwiązałeś tego quizu